LIBRARY & INFORMATION CENTRE, KCAET, TAVANUR

ONLINE PUBLIC ACCESS CATALOGUE (OPAC)

Normal view MARC view
  • Basavaraj

Entry Personal Name

Number of records used in: 1

001 - CONTROL NUMBER

  • control field: 5080

003 - CONTROL NUMBER IDENTIFIER

  • control field: OSt

005 - DATE AND TIME OF LATEST TRANSACTION

  • control field: 20210916140347.0

008 - FIXED-LENGTH DATA ELEMENTS

  • fixed length control field: 210916|| aca||aabn | a|a d

040 ## - CATALOGING SOURCE

  • Original cataloging agency: OSt
  • Transcribing agency: OSt

100 ## - HEADING--PERSONAL NAME

  • Personal name: Basavaraj
  • Personal name: Srigiri ,D
  • Personal name: Jayan ,P R

670 ## - SOURCE DATA FOUND

  • Source citation: Work cat.: (OSt)15585: Basavaraj Srigiri ,D Jayan ,P R, Text book of Farm machinery & Power Engineering, 2019
free website counter